| 000 | 00442nam a2200145 a 4500 | ||
|---|---|---|---|
| 001 | 4164 | ||
| 003 | CDMR | ||
| 005 | 20130301111824.0 | ||
| 008 | 130130s2001||||||||||||||||||||||||||||d | ||
| 040 |
_aCDMR _bcat _cCDMR |
||
| 111 | 2 |
_93023 _aConcurso Fotográfico "Caminos de Hierro" _d2001 _n15è |
|
| 245 | 1 | 0 |
_aCaminos de Hierro _b15º concurso fotográfico 2001 |
| 260 |
_aMadrid _c2001 _bFundación de los Ferrocarriles Españoles |
||
| 942 |
_cMON _2udc |
||
| 999 |
_c4164 _d4164 |
||